[Event "Campeonato de España sub-18 2011"]
[Site "Padron ESP"]
[Date "2011.07.25"]
[Round "1.1"]
[White "Arribas Lopez, Angel"]
[Black "Garcia Rodriguez, Sara"]
[Result "1-0"]
[WhiteElo "2443"]
[BlackElo "1926"]
[PlyCount "75"]
[EventDate "2011.07.25"]
[EventType "swiss"]
[EventRounds "9"]
[EventCountry "ESP"]
[Source "lmi"]
[SourceDate "2011.07.25"]

1. Nf3 Nf6 2. c4 g6 3. g3 Bg7 4. Bg2 d6 5. Nc3 O-O 6. O-O c5 7. d4 Nc6 8. d5
Nb4 9. a3 Na6 10. h3 Nc7 11. e4 Rb8 12. a4 b6 13. Qe2 a6 14. e5 Nfe8 15. Bf4 b5
16. b3 bxc4 17. bxc4 Rb4 18. a5 e6 19. Rfd1 exd5 20. cxd5 Nb5 21. Nxb5 Rxb5 22.
Qd2 Bb7 23. Ra4 Nc7 24. Bh6 Nxd5 25. Rh4 Qxa5 26. Bxg7 Qxd2 27. Nxd2 Kxg7 28.
Ne4 dxe5 29. Rc1 Rb8 30. Nd6 Bc6 31. Nxb5 Rxb5 32. Rhc4 Nb4 33. Bf1 Kf6 34.
Rxc5 Rxc5 35. Rxc5 Ke6 36. Rc4 a5 37. Rc5 a4 38. Rc4 1-0

[Event "Campeonato de España sub-18 2011"]
[Site "Padron ESP"]
[Date "2011.07.25"]
[Round "1.2"]
[White "Segura Santos, Luis"]
[Black "Forcen Esteban, Daniel"]
[Result "0-1"]
[WhiteElo "1923"]
[BlackElo "2441"]
[PlyCount "64"]
[EventDate "2011.07.25"]
[EventType "swiss"]
[EventRounds "9"]
[EventCountry "ESP"]
[Source "lmi"]
[SourceDate "2011.07.25"]

1. d4 Nf6 2. Nf3 c5 3. c3 Qc7 4. g3 b6 5. Bg5 Bb7 6. Bg2 h6 7. Bxf6 gxf6 8.
dxc5 bxc5 9. c4 e6 10. Nc3 f5 11. Qd2 a6 12. O-O Be7 13. Rad1 Nc6 14. Nd5 Qd8
15. Nxe7 Qxe7 16. Ne5 Nxe5 17. Bxb7 Ra7 18. Bg2 f6 19. Qf4 Kf7 20. e4 Ng6 21.
Qd2 fxe4 22. Bxe4 f5 23. Bg2 a5 24. Rfe1 a4 25. Bh3 Qf6 26. Qd6 Rc8 27. Qb6
Rcc7 28. Bg2 f4 29. Be4 Ne5 30. b3 Ng4 31. h3 fxg3 32. hxg4 Qxf2+ 0-1

[Event "Campeonato de España sub-18 2011"]
[Site "Padron ESP"]
[Date "2011.07.25"]
[Round "1.3"]
[White "Pardo Simon, David"]
[Black "Sevilla Subiza, Javier"]
[Result "1-0"]
[WhiteElo "2388"]
[BlackElo "1918"]
[PlyCount "89"]
[EventDate "2011.07.25"]
[EventType "swiss"]
[EventRounds "9"]
[EventCountry "ESP"]
[Source "lmi"]
[SourceDate "2011.07.25"]

1. Nf3 g6 2. g3 Bg7 3. c4 d6 4. Bg2 Nf6 5. Nc3 e5 6. O-O O-O 7. d3 a5 8. Rb1
Bd7 9. a3 a4 10. Ne1 Qc8 11. b4 axb3 12. Qxb3 Bc6 13. Nd5 Bxd5 14. cxd5 Ra7 15.
Be3 b6 16. Nc2 Nbd7 17. Ra1 Nc5 18. Qb2 Nfd7 19. Nb4 Qa8 20. Bc1 Na4 21. Qd2
Ndc5 22. Rb1 f5 23. e3 b5 24. Nc6 Rb7 25. d4 Nd7 26. Qc2 Qa6 27. Rd1 exd4 28.
exd4 Nab6 29. Qb3 Qa4 30. Rd3 Re8 31. Re3 Ra8 32. Qxb5 Qd1+ 33. Qf1 Qxf1+ 34.
Kxf1 Nb8 35. Re8+ Kf7 36. Re7+ Kf8 37. Bf4 Rba7 38. Rxc7 Nxc6 39. Bxd6+ Ne7 40.
Rxa7 Rxa7 41. Rxb6 Bxd4 42. Rb8+ Kf7 43. Bb4 Be5 44. d6 Rd7 45. Rb7 1-0

[Event "Campeonato de España sub-18 2011"]
[Site "Padron ESP"]
[Date "2011.07.25"]
[Round "1.4"]
[White "Perez Carballo, David"]
[Black "Coll Ortega, Jordi"]
[Result "0-1"]
[WhiteElo "1902"]
[BlackElo "2303"]
[PlyCount "138"]
[EventDate "2011.07.25"]
[EventType "swiss"]
[EventRounds "9"]
[EventCountry "ESP"]
[Source "lmi"]
[SourceDate "2011.07.25"]

1. f4 d5 2. Nf3 Nf6 3. e3 g6 4. Be2 Bg7 5. O-O O-O 6. d3 c5 7. Nc3 Nc6 8. e4 d4
9. Na4 b6 10. c4 dxc3 11. Nxc3 Nd4 12. Nxd4 Qxd4+ 13. Kh1 Ba6 14. Rf3 Rad8 15.
Be3 Qd7 16. Qb3 Ng4 17. h3 Nxe3 18. Rxe3 Bd4 19. Rg3 e6 20. Rf1 Kh8 21. f5 exf5
22. exf5 Bb7 23. f6 Rfe8 24. Bf3 Be5 25. Bg4 Bd5 26. Bxd7 Bxb3 27. Bxe8 Bxg3
28. axb3 Rxe8 29. Ne4 Be5 30. Ra1 a5 31. Kg1 Bxb2 32. Ra2 Bd4+ 33. Kf1 Re6 34.
Ra4 Bxf6 35. Nxf6 Rxf6+ 36. Ke2 Kg7 37. g3 Re6+ 38. Kf3 f5 39. g4 fxg4+ 40.
hxg4 Re1 41. d4 cxd4 42. Rxd4 Rb1 43. Rd3 b5 44. g5 Kf7 45. Kf4 Ke6 46. Rh3
Rf1+ 47. Ke4 Rf5 48. Rxh7 Rxg5 49. Ra7 Rg4+ 50. Kf3 Rb4 51. Rxa5 Rxb3+ 52. Kg4
Kf6 53. Ra6+ Kg7 54. Kg5 Rg3+ 55. Kf4 Rg1 56. Rb6 Rf1+ 57. Kg4 Rf5 58. Rb8 Rc5
59. Kf4 g5+ 60. Kg4 Kf6 61. Kf3 Ke5 62. Rb6 Kd4 63. Kg4 Kc3 64. Rh6 b4 65. Rh3+
Kb2 66. Rh2+ Ka3 67. Rh1 b3 68. Ra1+ Kb2 69. Rh1 Ka2 0-1

[Event "Campeonato de España sub-18 2011"]
[Site "Padron ESP"]
[Date "2011.07.25"]
[Round "1.5"]
[White "Fernandez Garcia, Jose Miguel"]
[Black "Sanchez Ruesga, Hector"]
[Result "1-0"]
[WhiteElo "2285"]
[BlackElo "1883"]
[PlyCount "47"]
[EventDate "2011.07.25"]
[EventType "swiss"]
[EventRounds "9"]
[EventCountry "ESP"]
[Source "lmi"]
[SourceDate "2011.07.25"]

1. e4 c5 2. Nf3 Nc6 3. d4 cxd4 4. Nxd4 Qb6 5. Nb3 Nf6 6. Nc3 e6 7. Bd3 d6 8.
O-O Qc7 9. f4 Be7 10. Kh1 a6 11. Qf3 Nd7 12. Qg3 Bf6 13. e5 dxe5 14. Ne4 O-O
15. f5 Kh8 16. fxe6 fxe6 17. Qh3 Bd8 18. Be3 Nd4 19. Ng5 h6 20. Nxd4 Bxg5 21.
Bxg5 exd4 22. Bxh6 Kg8 23. Qxe6+ Kh8 24. Bxg7+ 1-0

[Event "Campeonato de España sub-18 2011"]
[Site "Padron ESP"]
[Date "2011.07.25"]
[Round "1.6"]
[White "Korneev, Svyatoslav"]
[Black "Colon Garcia, Enrique"]
[Result "0-1"]
[WhiteElo "1881"]
[BlackElo "2276"]
[PlyCount "78"]
[EventDate "2011.07.25"]
[EventType "swiss"]
[EventRounds "9"]
[EventCountry "ESP"]
[Source "lmi"]
[SourceDate "2011.07.25"]

1. c4 Nf6 2. g3 e6 3. Bg2 d5 4. Nf3 Be7 5. O-O O-O 6. b3 c5 7. Bb2 Nc6 8. d3 d4
9. e3 e5 10. exd4 cxd4 11. Na3 Re8 12. Nc2 Nd7 13. Re1 a5 14. a3 Bd6 15. Qe2
Rf8 16. Rab1 Kh8 17. Bc1 f6 18. Nh4 Nc5 19. b4 axb4 20. axb4 Na4 21. Qh5 Ne7
22. Nxd4 Nc3 23. Rb3 exd4 24. Rxe7 Bxe7 25. Ng6+ Kg8 26. Nxf8 Qxf8 27. Be4 f5
28. Rxc3 dxc3 29. Bd5+ Kh8 30. c5 Ra1 31. Qd1 Bg5 32. f4 Bf6 33. Kg2 Qd8 34.
Bc4 b5 35. Bxb5 Qd5+ 36. Kh3 g5 37. fxg5 f4+ 38. g4 Rxc1 39. Qe2 Re1 0-1

[Event "Campeonato de España sub-18 2011"]
[Site "Padron ESP"]
[Date "2011.07.25"]
[Round "1.7"]
[White "Pruja Ramirez De Cartagena, Marc"]
[Black "Romero Diez, Sandra"]
[Result "1-0"]
[WhiteElo "2269"]
[BlackElo "1868"]
[PlyCount "107"]
[EventDate "2011.07.25"]
[EventType "swiss"]
[EventRounds "9"]
[EventCountry "ESP"]
[Source "lmi"]
[SourceDate "2011.07.25"]

1. e4 e5 2. Nf3 Nc6 3. Bb5 f5 4. d3 fxe4 5. dxe4 Nf6 6. O-O Bc5 7. Qd3 Nd4 8.
Nxd4 Bxd4 9. c3 Bb6 10. Bc4 d6 11. a4 a6 12. a5 Ba7 13. Bg5 Qe7 14. Nd2 Be6 15.
Bd5 Bxd5 16. exd5 Qf7 17. Bxf6 gxf6 18. Qf5 O-O 19. Ne4 Kh8 20. Rad1 Qg6 21.
Ng3 Qxf5 22. Nxf5 Rg8 23. h4 h5 24. Kh2 Kh7 25. f3 Raf8 26. Kh3 Rf7 27. Rde1
Rd7 28. Re4 b6 29. Ra1 b5 30. Rc1 Rb8 31. g4 hxg4+ 32. fxg4 Kg6 33. Rf1 Rh7 34.
Rf3 Rbh8 35. b4 Bg1 36. g5 fxg5 37. Rg4 e4 38. Rf1 Ba7 39. Rxg5+ Kf6 40. Nxd6+
Ke7 41. Nf5+ Kd7 42. Re1 e3 43. Re2 Re8 44. h5 Re4 45. h6 c5 46. Rg7+ Rxg7 47.
hxg7 Re8 48. Nh6 cxb4 49. cxb4 Bd4 50. g8=Q Rxg8 51. Nxg8 Kd6 52. Nh6 Kxd5 53.
Nf5 Bc3 54. Nxe3+ 1-0

[Event "Campeonato de España sub-18 2011"]
[Site "Padron ESP"]
[Date "2011.07.25"]
[Round "1.8"]
[White "Lopez Gil, Diego"]
[Black "Ladron De Guevara Pinto, Paolo"]
[Result "0-1"]
[WhiteElo "1862"]
[BlackElo "2269"]
[PlyCount "108"]
[EventDate "2011.07.25"]
[EventType "swiss"]
[EventRounds "9"]
[EventCountry "ESP"]
[Source "lmi"]
[SourceDate "2011.07.25"]

1. Nf3 d5 2. g3 g6 3. Bg2 Bg7 4. O-O e5 5. d3 Ne7 6. Nbd2 O-O 7. e4 c5 8. c3
Nbc6 9. Qc2 h6 10. Rb1 d4 11. a4 a6 12. Ne1 g5 13. Qd1 Ng6 14. c4 Be6 15. Nc2
Qd6 16. b3 b6 17. Qe2 a5 18. Bb2 Bf6 19. Ra1 Kg7 20. f3 Rh8 21. Kf2 Rag8 22.
Rh1 Kf8 23. Rag1 h5 24. Ke1 Rg7 25. Kd1 Rgh7 26. h3 Bd8 27. Nb1 f5 28. Bc1 f4
29. g4 Qd7 30. Nd2 Nce7 31. Ne1 Ng8 32. Nf1 Nh4 33. Kc2 Rh6 34. Bd2 Qh7 35. Kb2
Nf6 36. Kc2 Kg8 37. gxh5 Rxh5 38. Qf2 Kf7 39. Qe2 Nxg2 40. Qxg2 Bxh3 41. Qf2
Ke6 42. Kc1 Kd6 43. Kb1 Bxf1 44. Rxh5 Bxd3+ 45. Nxd3 Qxh5 46. Kc1 Ke6 47. Rg2
Bc7 48. Kc2 Rg8 49. Rh2 Qg6 50. Qe1 g4 51. b4 g3 52. Rg2 axb4 53. Bxb4 Qe8 54.
Kb3 Qh5 0-1

[Event "Campeonato de España sub-18 2011"]
[Site "Padron ESP"]
[Date "2011.07.25"]
[Round "1.9"]
[White "Cruz Lledo, Pablo"]
[Black "Cruz Guerra, Samuel"]
[Result "1-0"]
[WhiteElo "2269"]
[BlackElo "1855"]
[PlyCount "47"]
[EventDate "2011.07.25"]
[EventType "swiss"]
[EventRounds "9"]
[EventCountry "ESP"]
[Source "lmi"]
[SourceDate "2011.07.25"]

1. d4 Nf6 2. c4 e5 3. dxe5 Ng4 4. Bf4 g5 5. Bg3 Bg7 6. Nf3 Nc6 7. Nbd2 Ngxe5 8.
Qc2 d6 9. e3 Bd7 10. Be2 Qe7 11. h4 g4 12. Nxe5 dxe5 13. h5 Nb4 14. Qb3 Bf5 15.
e4 Bd7 16. Nf1 Nc6 17. Ne3 Nd4 18. Qc3 Bh6 19. Nd5 Qg5 20. Nxc7+ Kf8 21. Nxa8
Bc6 22. Rd1 Bxe4 23. Bxe5 Nxe2 24. Bf6 1-0

[Event "Campeonato de España sub-18 2011"]
[Site "Padron ESP"]
[Date "2011.07.25"]
[Round "1.10"]
[White "Garcia Salamero, Hector"]
[Black "Martinez Ramirez, Erik"]
[Result "0-1"]
[WhiteElo "1838"]
[BlackElo "2257"]
[PlyCount "84"]
[EventDate "2011.07.25"]
[EventType "swiss"]
[EventRounds "9"]
[EventCountry "ESP"]
[Source "lmi"]
[SourceDate "2011.07.25"]

1. e4 c5 2. Nf3 g6 3. d4 cxd4 4. Nxd4 Nf6 5. Nc3 Nc6 6. g3 Bg7 7. Nde2 O-O 8.
Bg2 d6 9. O-O Rb8 10. a4 a6 11. Nd5 b5 12. axb5 axb5 13. h3 b4 14. Kh2 Nd7 15.
f4 Nc5 16. Rb1 b3 17. c3 Ba6 18. Rg1 Bd3 19. Ra1 Bc2 20. Qf1 e6 21. Ne3 Bxe4
22. Bxe4 Nxe4 23. Qg2 d5 24. Ng4 Ra8 25. Be3 Ra5 26. Nf2 Nxf2 27. Qxf2 Qa8 28.
Qe1 Qa6 29. Rxa5 Qxa5 30. Nc1 Rb8 31. Bd2 Qa4 32. Rf1 Na5 33. Nd3 Nc4 34. Bc1
Rd8 35. Qd1 Qb5 36. Nb4 Bf8 37. Nd3 d4 38. Ne5 Nxe5 39. fxe5 Qxe5 40. cxd4 Rxd4
41. Qf3 Qf5 42. Qe2 Qd3 0-1

[Event "Campeonato de España sub-18 2011"]
[Site "Padron ESP"]
[Date "2011.07.25"]
[Round "1.11"]
[White "Alcaraz Ortega, Javier"]
[Black "Martinez Fernandez, Raul"]
[Result "1-0"]
[WhiteElo "2248"]
[BlackElo "1837"]
[PlyCount "55"]
[EventDate "2011.07.25"]
[EventType "swiss"]
[EventRounds "9"]
[EventCountry "ESP"]
[Source "lmi"]
[SourceDate "2011.07.25"]

1. d4 d5 2. Nf3 Nf6 3. c4 c6 4. Nc3 dxc4 5. a4 Bf5 6. e3 e6 7. Bxc4 Nbd7 8. O-O
Bb4 9. Qe2 Bg6 10. Bd3 O-O 11. e4 c5 12. e5 cxd4 13. exf6 dxc3 14. fxg7 Kxg7
15. Rd1 Qe7 16. bxc3 Bxc3 17. Ba3 Qf6 18. Rac1 Kg8 19. Bxg6 hxg6 20. Rxd7 Rfc8
21. Rxb7 a5 22. h4 Qf4 23. Qe3 Qf6 24. Be7 Qg7 25. Rd1 Rc4 26. Rbd7 Rcc8 27.
Ng5 e5 28. Qxc3 1-0

[Event "Campeonato de España sub-18 2011"]
[Site "Padron ESP"]
[Date "2011.07.25"]
[Round "1.12"]
[White "Cobos Ceballos, Cristofer"]
[Black "Garcia Salamero, Gabriel"]
[Result "0-1"]
[WhiteElo "1825"]
[BlackElo "2247"]
[PlyCount "90"]
[EventDate "2011.07.25"]
[EventType "swiss"]
[EventRounds "9"]
[EventCountry "ESP"]
[Source "lmi"]
[SourceDate "2011.07.25"]

1. e4 c5 2. Nc3 e6 3. g3 Nc6 4. Bg2 a6 5. d3 b5 6. f4 b4 7. Nce2 d5 8. Be3 d4
9. Bd2 Nf6 10. Nf3 Be7 11. O-O h5 12. h3 Bb7 13. Be1 Qc7 14. Nc1 Rd8 15. Bf2 e5
16. fxe5 Nxe5 17. Nb3 Nfd7 18. Nbd2 g5 19. Nxe5 Nxe5 20. Nf3 Bc8 21. Nxe5 Qxe5
22. Qf3 Be6 23. b3 Bd6 24. Be1 g4 25. hxg4 hxg4 26. Qf6 Qxf6 27. Rxf6 Be5 28.
Rf1 Ke7 29. Kf2 a5 30. a4 f5 31. Bd2 Rdf8 32. Bg5+ Kd6 33. Kg1 fxe4 34. Rxf8
Rxf8 35. Bxe4 Bxg3 36. Rf1 Rh8 37. Kg2 Be5 38. Bf4 Bxf4 39. Rxf4 Ke5 40. Rf1
Rh3 41. Rf8 Re3 42. Kf1 g3 43. Bg2 Bg4 44. Re8+ Kd6 45. Re4 Rxe4 0-1

[Event "Campeonato de España sub-18 2011"]
[Site "Padron ESP"]
[Date "2011.07.25"]
[Round "1.13"]
[White "Meneses Gonzalez, Kevin"]
[Black "Carreira Casais, Anxo"]
[Result "1-0"]
[WhiteElo "2226"]
[BlackElo "1817"]
[PlyCount "103"]
[EventDate "2011.07.25"]
[EventType "swiss"]
[EventRounds "9"]
[EventCountry "ESP"]
[Source "lmi"]
[SourceDate "2011.07.25"]

1. e4 c5 2. Nf3 d6 3. d4 cxd4 4. Nxd4 Nf6 5. Nc3 e6 6. Be2 Nc6 7. O-O Be7 8.
Be3 O-O 9. f4 Qc7 10. Kh1 Nxd4 11. Qxd4 b6 12. Bf3 Bb7 13. Rad1 Rad8 14. Nb5
Qb8 15. c4 Rfe8 16. Rfe1 d5 17. cxd5 exd5 18. e5 Ne4 19. Qd3 a6 20. Nd4 Nc5 21.
Qe2 Bf8 22. Qf2 b5 23. Nxb5 Ne4 24. Bxe4 dxe4 25. Nc3 Rd3 26. Qe2 Red8 27. Bb6
R8d7 28. Be3 h6 29. h3 Bc6 30. Rc1 Bb4 31. Qg4 Kh8 32. a3 Bf8 33. Nd1 Qb7 34.
Nf2 Rb3 35. e6 Re7 36. Bc5 Re8 37. exf7 Rb8 38. Bxf8 Rxf8 39. Qg6 Bd5 40. Ng4
Qxf7 41. Qxa6 Rxb2 42. Ne5 Qf6 43. Ng6+ Kg8 44. Qxf6 Rxf6 45. Ne7+ Kf7 46. Nxd5
Ra6 47. Rxe4 Rxa3 48. Re7+ Kg6 49. Rcc7 Ra1+ 50. Kh2 Raa2 51. Rxg7+ Kh5 52.
Nf6+ 1-0

[Event "Campeonato de España sub-18 2011"]
[Site "Padron ESP"]
[Date "2011.07.25"]
[Round "1.14"]
[White "Ramirez Medina, Victor"]
[Black "Suarez Uriel, Adrián"]
[Result "1/2-1/2"]
[WhiteElo "1808"]
[BlackElo "2217"]
[PlyCount "98"]
[EventDate "2011.07.25"]
[EventType "swiss"]
[EventRounds "9"]
[EventCountry "ESP"]
[Source "lmi"]
[SourceDate "2011.07.25"]

1. e4 c5 2. Nf3 Nc6 3. d4 cxd4 4. Nxd4 e5 5. Nb5 d6 6. c4 a6 7. N5c3 Be7 8. Bd3
Nf6 9. O-O O-O 10. Na3 Bd7 11. h3 Rc8 12. Be3 Qa5 13. Rb1 Nb4 14. Be2 b5 15.
Bg5 bxc4 16. Nxc4 Qc7 17. Bxf6 Bxf6 18. Qxd6 Be6 19. Qxb4 Bxc4 20. Bxc4 Qxc4
21. Qxc4 Rxc4 22. Rfd1 Rb8 23. Rd3 Be7 24. b3 Rcc8 25. Rbd1 Bc5 26. Kf1 f6 27.
Nd5 Kf8 28. Rc1 Bd4 29. Rdd1 a5 30. Ke2 a4 31. Rxc8+ Rxc8 32. b4 a3 33. f3 Rc2+
34. Rd2 Rc1 35. Kd3 Ke8 36. Rc2 Rb1 37. Kc4 Kd8 38. Nc3 Re1 39. b5 Ra1 40. Kb3
Bc5 41. Kc4 Bd4 42. Kb4 Bxc3+ 43. Kxc3 Rb1 44. Kc4 Rb2 45. Kc3 Rxb5 46. Kc4 Rb1
47. g4 Rb2 48. Kc3 Rb1 49. Kc4 Rb2 1/2-1/2

[Event "Campeonato de España sub-18 2011"]
[Site "Padron ESP"]
[Date "2011.07.25"]
[Round "1.15"]
[White "Rioboo De Larriva, Alvaro"]
[Black "Colas Perez, Patricia"]
[Result "1-0"]
[WhiteElo "2215"]
[BlackElo "1804"]
[PlyCount "33"]
[EventDate "2011.07.25"]
[EventType "swiss"]
[EventRounds "9"]
[EventCountry "ESP"]
[Source "lmi"]
[SourceDate "2011.07.25"]

1. e4 d6 2. Nc3 Nf6 3. Bc4 g6 4. d3 Bg7 5. f4 e5 6. Nf3 Nc6 7. O-O O-O 8. Qe1
Bg4 9. Qh4 Qd7 10. Ng5 h6 11. f5 Bh5 12. fxg6 Bxg6 13. Rxf6 Bxf6 14. Qxh6 Ne7
15. Nd5 Bg7 16. Nxe7+ Qxe7 17. Qxg6 1-0

[Event "Campeonato de España sub-18 2011"]
[Site "Padron ESP"]
[Date "2011.07.25"]
[Round "1.16"]
[White "Rey Malde, Henrique"]
[Black "Fernandez Lledo, Javier"]
[Result "1/2-1/2"]
[WhiteElo "1798"]
[BlackElo "2204"]
[PlyCount "82"]
[EventDate "2011.07.25"]
[EventType "swiss"]
[EventRounds "9"]
[EventCountry "ESP"]
[Source "lmi"]
[SourceDate "2011.07.25"]

1. d4 Nf6 2. c4 g6 3. Nc3 Bg7 4. e4 d6 5. h3 O-O 6. Bg5 Nbd7 7. Bd3 c5 8. d5 a6
9. Nf3 b5 10. O-O Rb8 11. Re1 bxc4 12. Bxc4 h6 13. Be3 Qa5 14. Rb1 Rb4 15. Qe2
Nb6 16. Bd3 Na4 17. Nxa4 Qxa4 18. a3 Rb8 19. Qc2 Bd7 20. Nd2 Qa5 21. Nc4 Qc7
22. f4 Bb5 23. Bd2 Rfe8 24. a4 Bxc4 25. Bxc4 Qb7 26. Bc3 Rbd8 27. Rbd1 Kh7 28.
Qe2 Ra8 29. e5 Ng8 30. Rd3 Qd7 31. Re3 dxe5 32. fxe5 Qxa4 33. Rf1 f5 34. exf6
exf6 35. b3 Qd7 36. Ra1 Rxe3 37. Qxe3 Qd6 38. Qe6 Qg3 39. Bb2 Bf8 40. Qf7+ Bg7
41. Qe6 Bf8 1/2-1/2

[Event "Campeonato de España sub-18 2011"]
[Site "Padron ESP"]
[Date "2011.07.25"]
[Round "2.1"]
[White "Pozueta Alegria, Adrian"]
[Black "Arribas Lopez, Angel"]
[Result "0-1"]
[WhiteElo "2096"]
[BlackElo "2443"]
[PlyCount "52"]
[EventDate "2011.07.25"]
[EventType "swiss"]
[EventRounds "9"]
[EventCountry "ESP"]
[Source "lmi"]
[SourceDate "2011.07.25"]

1. e4 c5 2. Nc3 Nc6 3. g3 g6 4. Bg2 Bg7 5. d3 d6 6. f4 Nf6 7. Nge2 Rb8 8. h3
Nd7 9. O-O O-O 10. f5 b5 11. h4 b4 12. Nd5 e6 13. fxe6 fxe6 14. Bg5 Nf6 15.
Nxf6+ Bxf6 16. Bxf6 Rxf6 17. Nf4 Bd7 18. Bh3 Ne5 19. Kh1 Qe7 20. d4 Nc4 21. Qd3
Bb5 22. Rfe1 cxd4 23. Qxd4 Ne5 24. Bg2 Rxf4 25. gxf4 Qxh4+ 26. Kg1 Ng4 0-1

[Event "Campeonato de España sub-18 2011"]
[Site "Padron ESP"]
[Date "2011.07.25"]
[Round "2.2"]
[White "Forcen Esteban, Daniel"]
[Black "Angeleri Gastana, Rodrigo N"]
[Result "1-0"]
[WhiteElo "2441"]
[BlackElo "2073"]
[PlyCount "63"]
[EventDate "2011.07.25"]
[EventType "swiss"]
[EventRounds "9"]
[EventCountry "ESP"]
[Source "lmi"]
[SourceDate "2011.07.25"]

1. e4 e5 2. d4 exd4 3. Qxd4 Nc6 4. Qe3 Nf6 5. Nc3 Be7 6. Bc4 O-O 7. Bd2 Ne5 8.
Bb3 Neg4 9. Qe2 Bc5 10. f3 Bf2+ 11. Kf1 Bxg1 12. Rxg1 Ne5 13. Bg5 h6 14. Be3 d6
15. g4 Nh7 16. f4 Nc6 17. f5 Ne5 18. Qf2 b6 19. h4 Ba6+ 20. Ke1 Kh8 21. g5 h5
22. Bf4 g6 23. Bxe5+ dxe5 24. Qg3 Qe8 25. Nd5 Rc8 26. Rd1 c6 27. Nf6 Qe7 28.
Rd7 Qb4+ 29. Kd1 Nxf6 30. Qxe5 Qxe4 31. Qxf6+ Kh7 32. Qxg6+ 1-0

[Event "Campeonato de España sub-18 2011"]
[Site "Padron ESP"]
[Date "2011.07.25"]
[Round "2.3"]
[White "Acosta Sosa, Juan Manuel"]
[Black "Pardo Simon, David"]
[Result "0-1"]
[WhiteElo "2088"]
[BlackElo "2388"]
[PlyCount "44"]
[EventDate "2011.07.25"]
[EventType "swiss"]
[EventRounds "9"]
[EventCountry "ESP"]
[Source "lmi"]
[SourceDate "2011.07.25"]

1. d4 Nf6 2. Nf3 e6 3. c4 c5 4. d5 b5 5. dxe6 fxe6 6. cxb5 d5 7. g3 Bd6 8. Bg2
O-O 9. O-O a6 10. bxa6 Bxa6 11. b3 Nc6 12. Bb2 Qe8 13. Nc3 Rd8 14. Rc1 Qh5 15.
Qd2 d4 16. Na4 Ne4 17. Qc2 d3 18. exd3 Nb4 19. Qd1 Nxd3 20. Nd4 Qg6 21. Nxe6
Qxe6 22. Qe2 Rfe8 0-1

[Event "Campeonato de España sub-18 2011"]
[Site "Padron ESP"]
[Date "2011.07.25"]
[Round "2.4"]
[White "Coll Ortega, Jordi"]
[Black "Shen, Yue"]
[Result "1-0"]
[WhiteElo "2303"]
[BlackElo "2053"]
[PlyCount "71"]
[EventDate "2011.07.25"]
[EventType "swiss"]
[EventRounds "9"]
[EventCountry "ESP"]
[Source "lmi"]
[SourceDate "2011.07.25"]

1. e4 c5 2. Nf3 d6 3. d4 cxd4 4. Nxd4 Nf6 5. Nc3 a6 6. Bc4 e6 7. O-O Be7 8. Be3
O-O 9. Bb3 Qc7 10. f4 Nbd7 11. f5 Nc5 12. Qf3 Nxb3 13. cxb3 Bd7 14. Rac1 Qa5
15. a3 Rac8 16. b4 Qe5 17. Rfd1 exf5 18. exf5 g5 19. Bxg5 Ne8 20. Bxe7 Qxe7 21.
Nd5 Qh4 22. Rxc8 Bxc8 23. g3 Qg5 24. h4 Qd8 25. f6 Kh8 26. Re1 Bd7 27. Ne7 Qc7
28. Qf4 Qc4 29. Rd1 Ba4 30. Rd2 Bb5 31. Kh2 Qf1 32. Qh6 Rg8 33. Nxg8 Kxg8 34.
Qg5+ Kh8 35. Nxb5 axb5 36. Qf4 1-0

[Event "Campeonato de España sub-18 2011"]
[Site "Padron ESP"]
[Date "2011.07.25"]
[Round "2.5"]
[White "Collado Barbas, Laura"]
[Black "Fernandez Garcia, Jose Miguel"]
[Result "0-1"]
[WhiteElo "2050"]
[BlackElo "2285"]
[PlyCount "74"]
[EventDate "2011.07.25"]
[EventType "swiss"]
[EventRounds "9"]
[EventCountry "ESP"]
[Source "lmi"]
[SourceDate "2011.07.25"]

1. d4 Nf6 2. c4 c5 3. d5 e6 4. Nc3 exd5 5. cxd5 d6 6. e4 g6 7. Bd3 Bg7 8. h3 a6
9. a4 Nbd7 10. Nf3 Nh5 11. O-O Ne5 12. Re1 Nxf3+ 13. Qxf3 Be5 14. Nd1 Qa5 15.
Re2 Bd7 16. Bd2 Qd8 17. a5 Bb5 18. Bxb5+ axb5 19. g4 Nf4 20. Bxf4 Qf6 21. Ra3
Qxf4 22. Qxf4 Bxf4 23. Ne3 Kd7 24. Nc2 b4 25. Ra1 Ra6 26. Ne1 Rha8 27. Nd3 Be5
28. f4 Bd4+ 29. Kg2 Rxa5 30. Rxa5 Rxa5 31. e5 Ra1 32. Rd2 Rb1 33. Re2 Rd1 34.
Ne1 Bxb2 35. Nf3 Bc3 36. Rc2 b3 37. Rxc3 b2 0-1

[Event "Campeonato de España sub-18 2011"]
[Site "Padron ESP"]
[Date "2011.07.25"]
[Round "2.6"]
[White "Colon Garcia, Enrique"]
[Black "Suarez Calvo, Alesandra"]
[Result "1-0"]
[WhiteElo "2276"]
[BlackElo "2023"]
[PlyCount "45"]
[EventDate "2011.07.25"]
[EventType "swiss"]
[EventRounds "9"]
[EventCountry "ESP"]
[Source "lmi"]
[SourceDate "2011.07.25"]

1. Nf3 Nf6 2. c4 c5 3. g3 Nc6 4. Bg2 g6 5. Nc3 Bg7 6. d4 d6 7. d5 Nb8 8. O-O
O-O 9. Qc2 a6 10. Rd1 Bd7 11. a4 Qc7 12. h3 Bc8 13. e4 Nbd7 14. Be3 b6 15. Ne1
Bb7 16. f4 h5 17. Nf3 Bh6 18. Re1 e6 19. dxe6 fxe6 20. e5 dxe5 21. Qxg6+ Bg7
22. Ng5 Bxg2 23. Nxe6 1-0

[Event "Campeonato de España sub-18 2011"]
[Site "Padron ESP"]
[Date "2011.07.25"]
[Round "2.7"]
[White "Sacristan Latorre, Alberto"]
[Black "Pruja Ramirez De Cartagena, Marc"]
[Result "0-1"]
[WhiteElo "2020"]
[BlackElo "2269"]
[PlyCount "86"]
[EventDate "2011.07.25"]
[EventType "swiss"]
[EventRounds "9"]
[EventCountry "ESP"]
[Source "lmi"]
[SourceDate "2011.07.25"]

1. e4 c5 2. Nf3 e6 3. d4 cxd4 4. Nxd4 Nc6 5. Nc3 Qc7 6. Nxc6 bxc6 7. Bd3 Nf6 8.
O-O Bc5 9. Kh1 e5 10. f4 d6 11. Na4 Qa5 12. c3 Bg4 13. Qc2 Qc7 14. Nxc5 dxc5
15. fxe5 Nd7 16. Be3 Be6 17. c4 h6 18. Rad1 g5 19. Qa4 Rb8 20. b3 O-O 21. Bf2
Qb6 22. Qa3 Rfd8 23. Bc2 Qb4 24. Qxb4 cxb4 25. Bg3 Nf8 26. Rd6 Rdc8 27. Rfd1
Ng6 28. R1d2 a5 29. R2d4 a4 30. Kg1 axb3 31. Bxb3 Ne7 32. Kf1 c5 33. Rd2 Nc6
34. Ke2 Ra8 35. Rb2 Ra3 36. Kd1 Na5 37. Ra6 Bxc4 38. Rxh6 Nxb3 39. axb3 Bxb3+
40. Ke2 Be6 41. Be1 Rca8 42. Kd2 Rd8+ 43. Kc2 Ra2 0-1